Galileo studies tr from the French by John Mepham (Record no. 201138)

MARC details
000 -LEADER
fixed length control field 00737nam a2200265Ia 4500
003 - CONTROL NUMBER IDENTIFIER
control field OSt
005 - DATE AND TIME OF LATEST TRANSACTION
control field 20220918194021.0
008 - FIXED-LENGTH DATA ELEMENTS--GENERAL INFORMATION
fixed length control field 220917b |||||||| |||| 00| 0 eng d
037 ## - SOURCE OF ACQUISITION
Terms of availability Textual
040 ## - CATALOGING SOURCE
Original cataloging agency ARTS
Transcribing agency ARTS
Language of cataloging eng
041 ## - LANGUAGE CODE
Source of code eng
Language code of text/sound track or separate title eng
100 ## - MAIN ENTRY--PERSONAL NAME
Personal name Koyre Alexandre
9 (RLIN) 77729
245 #0 - TITLE STATEMENT
Title Galileo studies tr from the French by John Mepham
260 ## - PUBLICATION, DISTRIBUTION, ETC.
Place of publication, distribution, etc. Sussex
Name of publisher, distributor, etc. Harvester Press
Date of publication, distribution, etc. 1978
300 ## - PHYSICAL DESCRIPTION
Extent 278p.
Dimensions cm.
490 ## - SERIES STATEMENT
Series statement European philosophy and the human sciences
500 ## - GENERAL NOTE
General note Appendix 237-50p
650 ## - SUBJECT ADDED ENTRY--TOPICAL TERM
Topical term or geographic name entry element PHILOSOPHY
942 ## - ADDED ENTRY ELEMENTS (KOHA)
Classification part R85xJ64, L8
Koha item type Textual
Source of classification or shelving scheme Colon Classification (CC)
Holdings
Withdrawn status Lost status Damaged status Not for loan Home library Current library Date acquired Total Checkouts Full call number Barcode Date last seen Price effective from Koha item type
        Arts Library Arts Library 2022-09-18   R85xJ64 L8 AL0740900 2022-09-18 2022-09-18 Textual
Copyright @ Delhi University Library System